Biblioteca y Centro de Documentación

Con el agua al cuello (Registro nro. 12463)

Detalles MARC
000 -CABECERA
Longitud fija campo de control 01221nam a2200385 c 4500
001 - NÚMERO DE CONTROL
Número de control 12463
003 - IDENTIFICADOR DE NÚMERO DE CONTROL
Identificador del número de control ES-MaCES
005 - FECHA Y HORA DE LA ÚLTIMA TRANSACCIÓN
Fecha y hora de la última transacción 20141221122205.0
008 - CAMPO FIJO DE DESCRIPCIÓN FIJA--INFORMACIÓN GENERAL
Códigos de información de longitud fija   010724s2001 sp t 000 | spa d
017 ## - NÚMERO DE REGISTRO DE DERECHOS DE AUTOR Y DEPÓSITO LEGAL
Número de copyright o de depósito legal T 782-2001
Agencia que asigna el número DL
020 ## - ISBN (INTERNATIONAL STANDARD BOOK NUMBER)
Número Internacional Normalizado para Libros (ISBN) 8493172553
035 ## - NÚMERO DE CONTROL DEL SISTEMA
Número de control del sistema CES20010010911m
040 ## - FUENTE DE CATALOGACIÓN
Centro catalogador de origen ES-MaCES
Lengua de catalogación spa
Centro transcriptor ES-MaCES
100 1# - ENCABEZAMIENTO PRINCIPAL--NOMBRE PERSONAL
Nombre de persona Franquet, José María
9 (RLIN) 12374
245 10 - MENCIÓN DE TÍTULO
Título Con el agua al cuello
Resto del título : 55 respuestas al Plan Hidrológico Nacional
Mención de responsabilidad, etc. José María Franquet
250 ## - MENCIÓN DE EDICIÓN
Mención de edición 1ª ed
260 ## - PUBLICACIÓN, DISTRIBUCIÓN, ETC (PIE DE IMPRENTA)
Lugar de publicación, distribución, etc. Barcelona
Nombre del editor, distribuidor, etc. Littera
Fecha de publicación, distribución, etc. 2001
300 ## - DESCRIPCIÓN FÍSICA
Extensión 207 p.
Dimensiones 22 cm
490 0# - MENCIÓN DE SERIE
Mención de serie Ensayo
Designación de volumen o secuencia 2
504 ## - NOTA DE BIBLIOGRAFÍA, ETC.
Nota de bibliografía, etc. Bibliografía: p. 201-205
541 ## - NOTA DE LA FUENTE INMEDIANTE DE ADQUISICIÓN
Forma de adquisición Compra
610 14 - ASIENTO SECUNDARIO DE MATERIA--NOMBRE CORPORATIVO
Nombre de entidad corporativa o nombre de jurisdicción como elemento inicial España
Título de la obra Plan Hidrológico Nacional
Fecha del congreso o de la firma de un tratado 2000
9 (RLIN) 3305
630 24 - ASIENTO SECUNDARIO DE MATERIA--TÍTULO UNIFORME
Título uniforme Plan Hidrológico del Ebro
9 (RLIN) 33662
650 #4 - ASIENTO SECUNDARIO DE MATERIA--TÉRMINO DE MATERIA
Término de materia o nombre geográfico como elemento inicial red hidrológica
9 (RLIN) 28801
650 #4 - ASIENTO SECUNDARIO DE MATERIA--TÉRMINO DE MATERIA
Término de materia o nombre geográfico como elemento inicial recursos hídricos
9 (RLIN) 28722
650 #4 - ASIENTO SECUNDARIO DE MATERIA--TÉRMINO DE MATERIA
Término de materia o nombre geográfico como elemento inicial utilización del agua
9 (RLIN) 28823
650 #4 - ASIENTO SECUNDARIO DE MATERIA--TÉRMINO DE MATERIA
Término de materia o nombre geográfico como elemento inicial España
9 (RLIN) 26964
650 #4 - ASIENTO SECUNDARIO DE MATERIA--TÉRMINO DE MATERIA
Término de materia o nombre geográfico como elemento inicial plan nacional
9 (RLIN) 27018
650 #4 - ASIENTO SECUNDARIO DE MATERIA--TÉRMINO DE MATERIA
Término de materia o nombre geográfico como elemento inicial repertorio de recomendaciones prácticas
9 (RLIN) 29261
653 10 - TÉRMINO DE INDEXACIÓN--NO CONTROLADO
Término no controlado Políticas sectoriales
830 #0 - ENCABEZAMIENTO SECUNDARIO DE COLECCIÓN--TÍTULO UNIFORME
Título uniforme Ensayo (Littera Books)
Designación de volumen o secuencia 2
9 (RLIN) 33661
902 ## - CES. TIPO DE DOCUMENTO
Tipodoc (006$c Sirtex) LIB Libro
942 ## - ELEMENTOS KOHA
Fuente de clasificaión o esquema Clasificación propia del CES
Koha [por defecto] tipo de item Monografías
Parte de clasificación 5.2.
Existencias
Número de registro Signatura completa Tipo de item de Koha
043364 DPT-8767 Monografías
© CES, Consejo Económico y Social de España 2021